000 00604nam a22001937a 4500
005 20251108173548.0
008 250721s2007 xx 000 0 ara d
020 _a9957074903
082 1 4 _aم/210.92/باح
100 1 _aباحارث، عدنانن حسن
245 1 0 _aالموسوعة العامة في مصادر التربية الإسلامية /
264 1 _aعمان :
_bدار الفكر للنشر و التوزيع،
_c2007.
300 _a775 ص.
650 1 7 _aببلوغرافيا
650 1 7 _aالإسلام
650 1 7 _aالتراجم
942 _2ddc
_cREF
999 _c106868
_d106868